[Event "AUT-ch Vor3 Internet"]
[Site "Playchess.com INT"]
[Date "2020.04.17"]
[Round "7"]
[White "Stolzlechner, Andreas"]
[Black "Kanzian, Heinz"]
[Result "1-0"]
[WhiteElo "1883"]
[BlackElo "1642"]
[PlyCount "117"]
[EventDate "2020.04.17"]
[EventType "swiss (blitz)"]
[EventRounds "9"]
[EventCountry "AUT"]
[SourceTitle "CBM 195 Extra"]
[Source "ChessBase"]
[SourceDate "2020.05.31"]
[SourceVersion "1"]
[SourceVersionDate "2020.05.31"]
[SourceQuality "1"]

1. e4 e5 2. Nf3 d6 3. d4 exd4 4. Nxd4 Be7 5. Nc3 Bf6 6. Be3 Ne7 7. Bc4 Nbc6 8. 0-0 0-0 9. a3 a6 10. Qd2 Nxd4 11. Bxd4 Bxd4 12. Qxd4 Nc6 13. Qe3 Be6 14. Be2 Ne5 15. Rad1 Bc4 16. f4 Bxe2 17. Qxe2 Nc6 18. Rf3 Qe7 19. Rg3 Qf6 20. Nd5 Qxb2 21. Nxc7 Rac8 22. Nd5 Nd4 23. Qg4 g6 24. Ne7+ Kg7 25. Nxc8 Qxc2 26. Rxd4 Rxc8 27. Qd1 Qc5 28. Kh1 Re8 29. Rgd3 b5 30. h3 a5 31. Rd5 Qc4 32. Qa1+ Kh6 33. Qd4 Qc1+ 34. Rd1 Qxf4 35. Qd2 Qxd2 36. R1xd2 Rxe4 37. Rxd6 Re3 38. R2d3 Re1+ 39. Kh2 Rb1 40. R6d5 b4 41. axb4 axb4 42. Rb5 f5 43. Rd4 b3 44. Rdb4 Kg5 45. Rxb3 Re1 46. Rb7 h5 47. R3b4 h4 48. Ra7 Re3 49. Raa4 Kf6 50. Rxh4 g5 51. Rh6+ Ke5 52. Rg6 g4 53. hxg4 fxg4 54. Rgxg4 Kf5 55. Rgb4 Re8 56. Ra5+ Kf6 57. Rb6+ Re6 58. Rxe6+ Kxe6 59. g4 1-0